Rogangal moolamulla vilanashtam ozhivakkan (Record no. 72872)

MARC details
000 -LEADER
fixed length control field 00263nam a2200109Ia 4500
100 ## - MAIN ENTRY--AUTHOR NAME
Personal name Jacob C K
245 #0 - TITLE STATEMENT
Title Rogangal moolamulla vilanashtam ozhivakkan
260 ## - PUBLICATION, DISTRIBUTION, ETC. (IMPRINT)
Name of publisher Rubber
Year of publication 2009
300 ## - PHYSICAL DESCRIPTION
Number of Pages 9-Jul
942 ## - ADDED ENTRY ELEMENTS (KOHA)
Koha item type Malayalam
Holdings
Withdrawn status Lost status Damaged status Not for loan Home library Current library Date acquired Serial Enumeration / chronology Koha item type
      Journals RRII Library RRII Library 17/07/2009 Volume 519, Issue June Malayalam